=LDR 00000nam 2200000 4500 =001 INLIS000000000052705 =990 ##$$a 21710000 =005 20180226085137 =990 ##$$a 21709999 =035 ##$$a 0010-0218000401 =990 ##$$a 21709998 =007 ta =990 ##$$a 21709997 =008 180226###########################0###### =990 ##$$a 21709996 =082 ##$$a 660.62 =084 ##$$a 660.62 RIS m =100 #$$a Ristiati =245 1#$$a Mikrobiologi terapan /$c Prof.Dr.Ni Putu Ristiati =250 ##$$a Ed.1. =260 ##$$a Jakarta :$b Rajawali Pers,$c 2017 =300 ##$$a 130 hlm. : $b ilus ; $c 23 cm =500 ##$$a Index : hlm. 141 - 142 =500 ##$$a Biografi : hlm. 143 =650 ##$$a Mikrobiologi Terapan =504 ##$$a Bibliografi : hlm. 131 - 133 =990 ##$$a 47254725 =990 ##$$a 47254725 =990 ##$$a 47254725 =990 ##$$a 47254725 =990 ##$$a 47254725 =990 ##$$a 21709996 =990 ##$$a 01201804725 =990 ##$$a 01201804726 =990 ##$$a 01201804727 =990 ##$$a 01201804728 =990 ##$$a 21709997 =990 ##$$a 01201804725 =990 ##$$a 01201804726 =990 ##$$a 01201804727 =990 ##$$a 21709996 =990 ##$$a 21709998 =990 ##$$a 01201804725 =990 ##$$a 01201804726 =990 ##$$a 21709997 =990 ##$$a 21709996 =990 ##$$a 21709999 =990 ##$$a 01201804725 =990 ##$$a 21709998 =990 ##$$a 21709997 =990 ##$$a 21709996 =990 ##$$a 21710000 =990 ##$$a 21709999 =990 ##$$a 21709998 =990 ##$$a 21709997 =990 ##$$a 21709996